| 000 | 00363nam a2200145Ia 4500 | ||
|---|---|---|---|
| 008 | 150201s2000 xx 000 0 und d | ||
| 082 |
_a611 _bH2000S |
||
| 100 | _aSINGH | ||
| 245 | _aTEXT BOOK OF HUMAN OSTEOLOGY | ||
| 250 | _a1ST | ||
| 260 |
_bJAYPEE MEDICAL PUBLISHER _aDARYAGANJ (DELHI) _c2000 |
||
| 300 | _a1-191 | ||
| 650 | _aPHYSIOLOGY | ||
| 942 |
_2ddc _cBK _05 |
||
| 999 |
_c2468 _d2468 |
||